00273nam a2200109Ia 4500008004100000082001300041100001300054245003500067260004500102300000800147650000800155191201s2013 xx 000 0 und d a332bGOF aGORDON,E 0aFinancial Markets and Services aN. delhibHimala Publication Housec2013 a495 aBBA